000 00859nam a2200253Ia 4500
003 OSt
005 20220923230934.0
006 a|||||r|||| 00| 0
007 ta
008 220922b |||||||| |||| 00| 0 hin d
024 _a313,307
037 _cTextual
040 _aARTS
_cARTS
_bhin
041 _2hin
_ahin
082 _aO152v253, J5
100 _aशर्मा, कामेश्वर
245 0 _aहिन्दी - साहित्य को बिहारी की देन
246 _aHindī - sāhitya ko bihārī kī dena
260 _aमुजफ्फरपुर
_b ृसुहृद - संघ
_c1955
490 _vभाग 1
650 _aहिन्दी साहित्य
_9156264
942 _hO152v253, J5
_cTEXL
_2CC
999 _c388365
_d388365